00610nam a2200205Ia 450000500170000000800410001704000190005804100120007708200210008910000250011024500340013526000340016930000100020365000230021365100180023685000100025494200070026499900170027195201160028820230510111138.0131103s9999 xx 000 0 und d aLoreto College aEnglish aTAG 891.442bTAG aTagore, Rabindranath aBisarjancRabindranath Tagore aCalcuttabViswa-Bharatic1961 a123p  aBengali Literature aBengali Drama aLCLIB cBK c16812d67291 00102ddc4070aMAINbMAINd2013-11-04l3oTAG 891.442 TAG pB16961r2022-11-03s2022-09-29w2013-11-04yBKf